[Event "105th British-ch 2018"]
[Site "Hull"]
[Date "2018.07.29"]
[Round "2"]
[White "Fernandez, Daniel Howard"]
[Black "Muir, Andrew Joseph"]
[Result "1-0"]
[WhiteElo "2485"]
[BlackElo "2291"]
[Annotator "TA"]
[PlyCount "111"]
[EventDate "2018.07.28"]
[EventType "swiss"]
[EventCountry "GBR"]
[SourceTitle "playchess.com"]
[Source "ChessBase"]
[SourceQuality "1"]

{[%evp 9,111,-50,-39,-77,-62,-77,-93,-93,-66,-63,-38,-37,-36,-42,-22,-27,-30,-29,-29,-85,-89,-94,-89,-85,-74,-77,-75,-90,-70,-125,-133,-245,-252,-263,-270,-270,-259,-246,-209,-278,-258,-314,-287,-333,-244,-278,-278,-284,-283,-286,-278,-284,-284,-298,0,-202,-200,-226,-238,-213,-156,-153,-121,-129,-94,-85,-70,-100,-51,-43,0,-34,0,0,0,0,0,0,697,695,645,428,2008,1784,5361,2990,29972,29969,29969,29970,29970,29971,29970,29970,29970,29970,29963,6402,29979,29980,29980,29980,29987,29988]} 1. f4 c5 2. b3 g6 3. Bb2 Nf6 4. Bxf6 (4. Nf3 Bg7 5. e3 O-O 6. Be2 d5 7. O-O Nc6 8. Bb5 Qc7 9. Qc1 Na5 10. Nc3 Rd8 11. Be2 a6 12. Nd1 Nc6 13. Nf2 d4 14. Nd3 Ne4 15. c3 dxe3 16. dxe3 {0-1 (41) Flores Guerrero,J (2339)-Ruiz Sanchez,O (2426) Cuernavaca 2015}) 4... exf6 5. c4 Bg7 6. g3 $146 {A02: Bird's Opening} ({Predecessor:} 6. Nc3 Na6 7. Rc1 O-O 8. g3 Nc7 9. Bg2 Rb8 10. e3 b6 11. Kf2 {1-0 (47) Lalic,P (2131)-Sloan,C (1762) Hampstead 2013}) 6... d5 7. cxd5 Qxd5 8. Nf3 {Black is better.} b6 9. Nc3 Qd7 10. d4 cxd4 11. Qxd4 Bb7 12. Qe3+ Qe7 13. Qxe7+ Kxe7 14. f5 (14. Bg2 $11) 14... Rc8 $17 15. Nd1 Nc6 {[%cal Bb8c6,Bc6b4,Bb4c2][%mdl 32] White must now prevent ...Nd4!} 16. Bg2 Nb4 $36 {[%mdl 2048] White is under strong pressure.} 17. O-O Nc2 18. Rb1 Bh6 19. e3 ({White should play} 19. Ne1 $15 Rab8 20. Bxb7 Rxb7 21. Nxc2 Rxc2 22. Rb2) 19... Ba6 (19... Nxe3 $2 20. Re1 $18) 20. Ne1 (20. Rf2 $17) 20... Rab8 $19 21. Nxc2 {[#] Nb4 is the strong threat.} Bxf1 (21... Rxc2 22. Rf2 $17) 22. Nd4 Bxg2 23. Kxg2 Rc7 24. Nf2 Kf8 (24... Bxe3 25. Re1 $11) 25. Kf3 Re8 26. Ng4 Bg7 27. b4 Rc3 28. Rb3 Rxb3 29. axb3 {[%mdl 4096] Endgame KRB-KNN} a6 30. Nf2 Bh6 31. Ne4 Bg7 $2 ({Black should try} 31... Re5 $19 32. g4 Bg5 33. Nxg5 fxg5) 32. b5 $2 (32. Nf2 $1 $11) 32... axb5 33. Nxb5 Re5 ({Much less strong is} 33... gxf5 34. Ned6 $17) 34. Nd4 Rd5 ({Don't play} 34... gxf5 35. Nd6 $17) 35. Nc3 Rd6 36. b4 Ke7 37. Ke4 Ke8 38. g4 Kd8 39. Nd5 Ke8 40. h4 h5 41. gxh5 gxh5 42. b5 Bh6 43. Ne2 Rxd5 $4 {[%mdl 8192]} (43... Rd8 $11) 44. Kxd5 $18 Bxe3 $11 {intending ...Kd7. KB-KN} 45. Kc6 Bf2 (45... Kf8 $142 46. Ng3 Bf4 47. Nxh5 Be5) 46. Nf4 $18 Bxh4 47. Nxh5 Bf2 {[#]} 48. Nf4 $1 {[%cal Rf4d5]} Kf8 49. Nd5 $1 {[%csl LRb6,LRf6]} Kg7 50. Nxb6 Kh6 51. Nc8 Kg5 52. Ne7 Kf4 53. b6 {[%cal Bb5b6,Bb6b7][%mdl 32]} Ke5 54. b7 {White mates.} Ba7 55. Kd7 Bb8 56. Nc6+ {Precision: White = 55%, Black = 50%.} 1-0

[Event "105th British-ch 2018"]
[Site "Hull"]
[Date "2018.07.29"]
[Round "2"]
[White "Tan, Justin Hy"]
[Black "Webb, Laurence"]
[Result "1/2-1/2"]
[WhiteElo "2481"]
[BlackElo "2306"]
[Annotator "TA"]
[PlyCount "117"]
[EventDate "2018.07.28"]
[EventType "swiss"]
[EventCountry "GBR"]
[SourceTitle "playchess.com"]
[Source "ChessBase"]
[SourceQuality "1"]

{[%evp 12,117,31,22,80,24,33,26,30,30,27,38,36,37,24,22,53,28,72,72,89,18,41,31,51,47,58,39,44,15,32,15,33,0,66,17,67,72,75,80,86,68,44,0,0,0,0,0,0,0,0,-8,-8,-8,-13,-13,-12,-73,0,0,0,0,27,0,25,26,31,26,29,31,29,28,43,41,56,0,0,0,0,0,0,0,0,0,0,0,0,0,0,0,0,0,0,0,0,0,0,0,0,0,0,0,0,0,0,0,0,0]} 1. e4 e6 2. d4 d5 3. Nd2 Be7 4. e5 c5 5. c3 Nc6 6. Bd3 {C03: French Tarrasch: Unusual Black 3rd moves} Nh6 (6... Qb6 7. Ndf3 f6 8. Ne2 fxe5 9. Nxe5 Nxe5 10. dxe5 Bd7 11. O-O Qc7 12. c4 Qxe5 13. Bf4 Qh5 {1-0 (59) Kovalev,V (2598)-Sjugirov,S (2673) Moscow 2017}) 7. Ne2 {LiveBook: 13 Games} Bd7 (7... cxd4 $11 8. cxd4 Nf5) 8. O-O (8. Nf3 $16) 8... cxd4 $11 9. cxd4 Nf5 10. Nf3 Qb6 {[%cal Rc6d4]} 11. Bxf5 exf5 12. Bg5 Bxg5 $146 ({Predecessor:} 12... Bf8 13. Nc3 Be6 {0-1 (32) Soors,S (2392)-Offringa,J (2224) Belgium 2016}) 13. Nxg5 h6 14. Nh3 Be6 15. Nhf4 O-O-O 16. Qa4 (16. Nh5 $16) 16... Kb8 17. Rfc1 Rc8 18. Nd3 g5 19. Rc5 f4 20. Nc3 a6 21. Rd1 Rhd8 22. a3 Na7 (22... h5 $11) 23. b4 Nb5 24. Nxb5 Rxc5 25. Nxc5 Qxb5 26. Qc2 Rc8 $1 27. Qb2 a5 $1 28. a4 Qxb4 29. Rb1 $1 Qxb2 $1 30. Rxb2 {[%mdl 4096] Endgame KRB-KRN} Ka8 31. Rb5 $132 {[%mdl 2048] White is not keeping still} Rc6 $1 32. Rxa5+ Kb8 33. Rb5 b6 {Strongly threatening ...Ka7.} 34. h4 {[#]} (34. a5 $11 {remains equal.} Kc7 35. Nxe6+ fxe6 36. Kf1) 34... Kc7 ({Black should try} 34... Ka7 $1 $17 35. Nd3 Rc3 36. hxg5 hxg5) 35. Na6+ Kb7 36. Nb4 $1 {[%cal Rb4c6]} Rc1+ 37. Kh2 Ra1 (37... Bd7 $5 {[%cal Rd7b5]} 38. Rxd5 Bxa4 $11) 38. Nxd5 Rxa4 39. Rxb6+ Ka7 40. Rb4 Ra2 41. Nf6 {[#] Threatens to win with d5.} Rxf2 42. d5 Bf5 43. Rd4 ({Better is} 43. d6 $14 Rd2 44. hxg5 hxg5 45. Kg1) 43... g4 $1 {The position is equal.} 44. Kg1 g3 45. Nh5 f3 46. gxf3 Bh3 {[%csl Gh3][%cal Rf2f1]} 47. Nxg3 Rg2+ 48. Kh1 Rxg3 {KRB-KR} 49. Rf4 Rg7 50. Rf6 h5 51. e6 fxe6 52. dxe6 Rg8 53. Kh2 Bf1 54. e7 {Hoping for Rf8.} Re8 55. Re6 Kb7 {And now ...Bc4 would win.} 56. Kg3 Kc7 {...Bc4 is the strong threat.} 57. Kf4 Bh3 58. Re3 Kd6 {aiming for ...Be6.} 59. Kg5 {Precision: White = 57%, Black = 72%.} 1/2-1/2

[Event "105th British-ch 2018"]
[Site "Hull"]
[Date "2018.07.29"]
[Round "2"]
[White "Palliser, Richard Jd"]
[Black "Jamroz, Krzysztof"]
[Result "1-0"]
[WhiteElo "2418"]
[BlackElo "2026"]
[Annotator "TA"]
[PlyCount "67"]
[EventDate "2018.07.28"]
[EventType "swiss"]
[EventCountry "GBR"]
[SourceTitle "playchess.com"]
[Source "ChessBase"]
[SourceQuality "1"]

{[%evp 9,67,53,45,54,83,24,29,13,93,93,86,30,46,43,33,28,34,18,164,145,126,105,114,106,351,342,357,417,418,385,405,371,487,507,436,497,496,401,472,467,467,460,587,568,697,687,629,669,822,825,871,914,862,887,932,893,1079,999,1127,1047]} 1. d4 e6 2. c4 Bb4+ 3. Nd2 b6 4. Qb3 (4. a3 Bxd2+ 5. Qxd2 Bb7 6. Nf3 f5 7. g3 Nf6 8. Bg2 O-O 9. O-O Qe8 10. b4 d6 11. Bb2 Nbd7 {1-0 (41) Gelfand,B (2764)-Grischuk,A (2785) Elancourt 2013 CBM 157 [Gormally,D]}) 4... Nc6 $146 ({Predecessor:} 4... c5 5. dxc5 bxc5 6. Qg3 Qf6 7. a3 Ba5 8. Ngf3 Nc6 9. e3 Nge7 10. Bd3 d5 11. O-O O-O {1-0 (55) Werle,J (2533)-Winants,L (2543) Netherlands 2012}) 5. d5 Nd4 6. Qd3 $1 {[%cal Rd3d4] A40: Unusual replies to 1 d4} c5 7. a3 (7. e3 $16) 7... Bxd2+ $1 $11 8. Bxd2 {White has an edge.} d6 {[#]} (8... exd5 $1 $11 9. e3 (9. cxd5 Ba6 $11) 9... Qe7) 9. e3 $1 $16 {[%cal Re3d4]} Nf5 10. dxe6 ({Better is} 10. e4 $16 Nd4 11. Ne2) 10... fxe6 $11 11. Bc3 {g4 is the strong threat.} Nf6 12. O-O-O Bb7 13. f3 Ke7 (13... d5 $11 {and Black stays safe.}) 14. g4 $36 {[%mdl 2048] Keeping Black busy.} Nh4 15. e4 Rf8 16. Qe3 e5 $2 {[#]} (16... Ke8 $16) 17. Bxe5 $1 $18 {[%mdl 512]} dxe5 18. Rxd8 Raxd8 19. Qg5 Ng6 20. h4 Nf4 21. Qxe5+ Ne6 22. Ne2 Nd7 23. Qc3 Nb8 24. Qe3 {White is clearly winning.} Nc6 {and the idea ...Ne5 leaves Black hopeful.} 25. f4 {[%cal Bf3f4,Bf4f5][%mdl 32]} Ncd4 {If Black can now play ...Nxe2+ this consolidates a bit.} 26. f5 Nxe2+ 27. Bxe2 Nd4 28. Re1 Rfe8 29. e5 {[%cal Be4e5,Be5e6][%mdl 32]} Kf8 30. e6 Re7 31. Bd3 Bc6 32. Kb1 Ba4 33. Be4 Bb3 34. Qg5 {Precision: White = 80%, Black = 22%.} 1-0

[Event "105th British-ch 2018"]
[Site "Hull"]
[Date "2018.07.29"]
[Round "2"]
[White "Houska, Jovanka"]
[Black "Waddington, Mike P"]
[Result "1-0"]
[WhiteElo "2406"]
[BlackElo "2110"]
[Annotator "TA"]
[PlyCount "93"]
[EventDate "2018.07.28"]
[EventType "swiss"]
[EventCountry "GBR"]
[SourceTitle "playchess.com"]
[Source "ChessBase"]
[SourceQuality "1"]

{[%evp 9,93,17,49,49,51,40,54,50,51,70,70,54,43,44,75,81,64,47,43,36,27,37,50,43,37,42,44,30,29,-48,-51,-65,-50,-100,-98,-133,-126,-156,-104,-101,-90,-132,114,114,114,117,113,113,134,118,118,116,124,119,121,116,131,77,79,0,0,0,0,0,0,0,0,0,0,0,0,0,0,0,47,40,2882,2090,1555,1137,29977,29978,29978,29980,29979,29981]} 1. Nf3 {[%cal Bg1f3,Bf3h4,Bh4f5][%mdl 32]} f5 2. d3 d6 3. e4 e5 4. Nc3 c5 (4... Be7 5. d4 fxe4 6. Nxe4 d5 7. Neg5 exd4 8. Bd3 Qd6 9. Nxd4 c5 10. Nb5 Qe5+ 11. Be3 Na6 12. O-O {1-0 (36) Svidler,P (2751)-Bu,X (2710) Tbilisi 2017}) 5. g3 Nf6 {LiveBook: 9 Games} 6. Nh4 {A04: Unusual lines after 1 Nf3 and King's Indian Attack} fxe4 7. dxe4 Be6 8. Bg2 {White is slightly better.} Be7 9. Nf5 O-O 10. O-O Nc6 11. Bg5 $146 ({Predecessor:} 11. Ne3 Nd4 12. Ncd5 Nxd5 13. Nxd5 Bxd5 14. exd5 {0-1 (33) Dobrocmyslov,A (2125)-Babarykin,S (2331) Moscow 2017}) 11... Bc4 12. Re1 Nd4 13. Nxe7+ Qxe7 14. Nd5 Bxd5 15. exd5 Qf7 16. c3 Nf5 17. f4 Nd7 18. fxe5 Nxe5 19. Rxe5 (19. Re4 $11) 19... dxe5 $15 20. d6 Qd7 21. Qd5+ Kh8 22. Rd1 h6 23. Bc1 {[#]} Rad8 (23... b6 $142 $1 24. Bh3 Rae8) 24. Qxe5 $17 Rf6 25. Bh3 Rxd6 $2 (25... Qf7 $17 {and life is bright. ...Qh5 is the strong threat.} 26. Rf1 Nxd6 27. Rxf6 Qxf6 28. Qxf6 gxf6 29. Bxh6 Nf7) 26. Rxd6 $16 Qxd6 27. Qxf5 Qd1+ 28. Qf1 Qh5 29. g4 Qg6 {aiming for ...Qc2.} 30. Be3 Qc2 {White must now prevent ...Rd1.} 31. Qf2 Qd1+ 32. Kg2 b6 33. Kg3 (33. g5 $142) 33... Re8 {[#] And now ...Qd3 would win.} 34. Bf1 (34. Qf3 $1 $16 {[%cal Rf3d1]} Qe1+ 35. Bf2) 34... Rxe3+ $1 $11 35. Qxe3 {White wants to mate with Qe8+.} Qxf1 {[%mdl 4096] Endgame KQ-KQ} 36. Qe8+ Kh7 37. Qe4+ Kg8 38. Qe6+ (38. a3 {feels hotter.} Qg1+ 39. Kh3 Qf1+ 40. Kg3) 38... Qf7 39. Qxf7+ Kxf7 {KP-KP} 40. Kf4 Kf6 41. h4 c4 42. a4 g5+ $2 {[%mdl 8192]} (42... g6 $14) 43. hxg5+ $18 hxg5+ 44. Ke4 a6 45. Kd5 {White mates.} b5 46. axb5 axb5 47. Kd6 {Precision: White = 61%, Black = 48%.} 1-0

[Event "105th British-ch 2018"]
[Site "Hull"]
[Date "2018.07.29"]
[Round "2"]
[White "Mcphillips, Joseph"]
[Black "Howell, David Wl"]
[Result "0-1"]
[WhiteElo "2402"]
[BlackElo "2687"]
[Annotator "TA"]
[PlyCount "91"]
[EventDate "2018.07.28"]
[EventType "swiss"]
[EventCountry "GBR"]
[SourceTitle "playchess.com"]
[Source "ChessBase"]
[SourceQuality "1"]

{[%evp 12,91,6,8,12,9,21,3,3,-11,22,20,25,34,27,0,14,3,0,-15,0,0,0,-39,-32,-31,-9,-30,-4,-2,-8,-6,0,0,0,-17,-19,-29,-18,-22,-12,-21,-5,-57,-57,-62,-41,-73,-68,-75,-75,-93,-68,-245,-222,-253,-261,-240,-260,-260,-253,-252,-220,-310,-284,-266,-220,-297,-296,-277,-230,-582,-574,-633,-614,-593,-589,-912,-863,-29982,-29983,-29986]} 1. e4 e6 2. d4 d5 3. exd5 exd5 4. Nf3 Nf6 5. Bd3 Bd6 6. O-O O-O 7. Re1 {LiveBook: 22 Games} h6 {C01: French: Exchange Variation} (7... Re8 8. Nbd2 {½-½ (8) Nepomniachtchi,I (2719)-Jobava,B (2669) Almaty 2016}) 8. Nbd2 Re8 9. Rxe8+ $146 ({Predecessor:} 9. c3 Nbd7 10. Rxe8+ Qxe8 11. Qe1 Qxe1+ 12. Nxe1 c6 13. Ndf3 b6 14. Bf5 Ba6 15. Nd2 Re8 {½-½ (15) Gocheva,R-Savova,S (2000) Sofia 1982}) 9... Qxe8 {The position is equal.} 10. Qe1 Qf8 11. Ne5 c5 12. dxc5 Bxc5 13. Ndf3 (13. Nb3 {looks sharper.} Bd6 14. Bd2 Nc6 15. Bc3 Nd7 16. Ng6) 13... Nc6 14. Nxc6 bxc6 15. h3 Bb7 16. Qc3 Bb6 17. Qe5 Re8 18. Qg3 Kh8 19. Bd2 Ne4 20. Bxe4 $1 Rxe4 21. Re1 Rxe1+ 22. Nxe1 c5 {[%cal Bc6c5,Bc5c4][%mdl 32]} 23. Qe5 Qd8 $36 {[%mdl 2048] Black is more active.} 24. Bf4 d4 (24... f6 {with more complications.} 25. Qe2 Bc6 26. Nd3 Qd7 27. Bg3 Qe8) 25. b3 Qd5 26. Qxd5 (26. a4 {is more complex.} Kg8 27. Qe7 f6 28. Qe8+ Kh7 29. Qe2) 26... Bxd5 $11 {[%mdl 4096] Endgame KBB-KBN} 27. Kf1 (27. Nd3 $11) 27... c4 $15 28. Ke2 Kh7 29. g4 g5 30. Bc1 Kg6 31. Bd2 f6 32. a4 $2 {[#]} (32. f4 $15) 32... d3+ $1 $19 {[%mdl 512]} 33. cxd3 cxb3 {Hoping for ...b2.} 34. Bc3 Bc6 35. Nf3 Bxa4 36. Nd2 a6 37. f3 (37. Ke1 {was called for.}) 37... Bd8 38. Ke3 Kf7 39. Ke2 Ke6 40. Ke3 Be7 41. f4 $2 {[#]} (41. Kd4 {nothing else works.}) 41... gxf4+ 42. Kxf4 Ba3 43. Ke4 Bc1 44. Nc4 Bb5 45. Nd6 Kxd6 46. Kd4 {Precision: White = 23%, Black = 75%.} 0-1

[Event "105th British-ch 2018"]
[Site "Hull"]
[Date "2018.07.29"]
[Round "2"]
[White "Eggleston, David J"]
[Black "Mcshane, Luke J"]
[Result "1-0"]
[WhiteElo "2397"]
[BlackElo "2669"]
[Annotator "TA"]
[PlyCount "87"]
[EventDate "2018.07.28"]
[EventType "swiss"]
[EventCountry "GBR"]
[SourceTitle "playchess.com"]
[Source "ChessBase"]
[SourceQuality "1"]

{[%evp 15,87,0,11,4,16,-5,20,-22,-19,-17,-5,-14,-7,-12,0,-7,0,0,0,-40,-27,-53,-44,-49,-50,-62,-18,-57,-51,-83,-118,-136,-131,-129,-137,-163,-137,-140,-117,-142,-115,-123,-110,-127,-37,-44,-40,-66,0,-106,-60,-436,-413,-485,-101,-106,0,-30,243,256,891,854,1229,1185,29988,29989,29989,29990,29990,29991,29991,29992,29992,29993]} 1. e4 e5 2. Nf3 Nc6 3. Bc4 Bc5 4. c3 Nf6 5. d3 d6 6. O-O O-O 7. a4 a5 8. Nbd2 {[%cal Bb1d2,Bd2f1,Bf1g3,Bg3f5][%mdl 32] C54: Giuoco Piano: 4 c3 Nf6, main lines with 5 d4 and 5 d3} Ne7 {[%cal Bc6e7,Be7g6,Bg6f4][%mdl 32] LiveBook: 4 Games} 9. Re1 Ng6 10. Nf1 {The position is equal.} Be6 $146 ({Predecessor:} 10... c6 11. h3 h6 12. Ng3 d5 13. Ba2 dxe4 14. dxe4 Qb6 15. Qc2 Re8 16. Be3 Bxe3 17. Rxe3 Be6 18. Bxe6 {½-½ (18) Degraeve,J (2592)-Kryvoruchko,Y (2714) Chartres 2017}) 11. Ng3 Bxc4 12. dxc4 Qd7 13. h3 Rfe8 14. Nh2 Nf4 15. Qf3 Ne6 16. Nf5 {aiming for Nxg7!} Qd8 17. h4 Kh8 $36 {[%mdl 2048] Black fights for an advantage.} 18. g3 Rf8 19. Kg2 Ng8 20. h5 g6 21. Nh4 Ng7 22. h6 Ne6 23. Re2 Qe8 24. Qg4 f6 25. N2f3 Qf7 26. Qh3 Rae8 27. Bd2 f5 28. exf5 gxf5 29. Rae1 f4 (29... Qf6 $17 30. Nxe5 dxe5 31. Rxe5 Nxh6 32. Ng6+ Qxg6 33. Qxh6 Qxh6 34. Bxh6 Rf6) 30. b4 $15 Ba7 31. c5 $1 Nxh6 {[#]} ({Black should play} 31... Nf6 $15 32. Kh1 Qd7 33. gxf4 Nxf4 34. Qxd7 Nxd7 35. Bxf4 Rxf4) 32. Re4 (32. Nxe5 $1 $11 {[%mdl 512]} dxe5 33. Rxe5) 32... Rg8 33. Rh1 $2 {[%mdl 8192]} (33. Kf1 $1 $15) 33... Ng4 $19 34. Kf1 {[#] White hopes to continue with gxf4.} Bb8 $2 (34... Bxc5 $1 $19 {[%mdl 512] is more deadly.} 35. bxc5 Nxc5) 35. gxf4 $17 exf4 (35... Nxf4 $17 36. Bxf4 exf4 37. Rxe8 Qxe8) 36. c4 $11 {Strongly threatening Bc3+.} h5 $2 {[%mdl 8192]} (36... axb4 $11 37. Bxb4 Qf6) 37. Ng2 $18 Kh7 $2 (37... Kg7) 38. cxd6 Nf6 39. Ne5 Qg7 40. Qf5+ {White mates.} Kh8 41. Rxh5+ Nxh5 42. Qxh5+ Qh7 43. Nf7+ Kg7 44. Bc3+ {Precision: White = 61%, Black = 43%.} 1-0

[Event "105th British-ch 2018"]
[Site "Hull"]
[Date "2018.07.29"]
[Round "2"]
[White "Zakarian, David"]
[Black "Pert, Nicholas"]
[Result "1/2-1/2"]
[WhiteElo "2354"]
[BlackElo "2544"]
[Annotator "TA"]
[PlyCount "209"]
[EventDate "2018.07.28"]
[EventType "swiss"]
[EventCountry "GBR"]
[SourceTitle "playchess.com"]
[Source "ChessBase"]
[SourceQuality "1"]

{[%evp 13,209,5,10,-35,-45,-39,-37,-31,-36,-53,-50,-51,-14,-31,-38,-99,-23,-72,-40,-33,-35,-72,-54,-109,-112,-132,-108,-116,-53,-75,-72,-63,-34,-35,0,-62,-18,-19,-16,-29,-12,-17,0,0,0,0,0,0,-2,-2,0,0,0,0,0,-15,-14,-78,-58,-82,-74,-89,-97,-82,0,0,0,0,0,0,0,0,0,0,0,0,0,0,0,-472,-472,-491,-450,-440,-31,-31,-15,-15,-15,-15,-15,-15,-15,-15,-15,-15,-15,-15,-15,-15,0,-15,-15,-15,-15,-31,0,0,0,0,0,0,0,-15,0,0,0,0,0,0,0,0,0,0,0,0,0,0,0,-15,-15,-15,-15,-15,0,0,0,0,0,0,0,0,0,0,0,0,0,0,0,0,0,0,0,0,0,0,0,0,0,0,0,0,0,0,0,0,0,0,0,0,0,0,0,0,0,0,0,0,0,0,0,0,0,0,0,0,0,0,0,0,0,0,0,0,0,-11,0,-11]} 1. e4 c5 2. Nc3 Nc6 3. Nge2 d6 4. g3 g6 5. Bg2 Bg7 6. d3 Rb8 7. O-O b5 {[%cal Bb7b5,Bb5b4][%mdl 32] LiveBook: 34 Games} 8. a4 {B25: Closed Sicilian: 3 g3, lines without early Be3} (8. a3 Nf6 9. d4 cxd4 10. Nxd4 Nxd4 11. Qxd4 a5 12. Qa7 Bd7 13. e5 dxe5 14. Be3 O-O 15. Rad1 Qc8 16. Qxa5 {0-1 (55) Krapivin,A (2430)-Popov,I (2653) Moscow 2014}) 8... b4 $1 {[%cal Rb4c3]} 9. Nd5 e6 10. Ne3 {Black is slightly better.} Nge7 11. f4 f5 12. Rb1 Nd4 $146 ({Predecessor:} 12... O-O 13. Kh1 Ba6 14. Re1 Qd7 15. Ng1 Nd4 {0-1 (42) Himanshu,S (2393)-Ramakrishna,J (2224) Visakhapatnam 2012}) 13. e5 dxe5 14. Nc4 {[#]} (14. fxe5 $15 Ba6 15. Nc4) 14... O-O ({Black should try} 14... e4 $1 $17 {[%mdl 512]} 15. dxe4 Ba6) 15. Nxe5 Bb7 16. Bxb7 Rxb7 17. Be3 Qd5 18. c4 (18. Bxd4 $15 cxd4 19. Nc4) 18... bxc3 $1 $17 19. Nxc3 Qd6 20. Nc4 Qa6 (20... Qd7 $17 21. Bxd4 Bxd4+ 22. Kg2 Rfb8) 21. Ne2 Nd5 22. Bf2 Nb3 23. Nc1 $1 {[%cal Rc1b3]} Nd4 ({Avoid the trap} 23... Qxa4 $2 24. Nd2 $18) 24. Ne2 Rb4 25. Nxd4 cxd4 26. Re1 Rd8 27. Qe2 Rxa4 28. Qxe6+ Qxe6 29. Rxe6 Nb4 30. b3 Ra2 31. Rbe1 Rf8 $36 {[%mdl 2048] Black is more active.} 32. Rd1 Kf7 33. Rd6 Re8 34. Rd7+ Re7 35. Nd6+ (35. Rxe7+ $1 $11 Kxe7 36. Be1) 35... Ke6 36. Rd8 {Re1+ is the strong threat.} Rd7 37. Rxd7 Kxd7 38. Nc4 Rc2 ({Better is} 38... Kc6 $17) 39. Be1 $11 Nc6 40. b4 Ra2 41. b5 Ne7 42. b6 axb6 43. Nxb6+ Kc6 44. Nc4 Nd5 45. Rc1 Nc3 46. Bxc3 $4 {[%mdl 8192]} (46. Kf1 $11 {and White stays safe.}) 46... dxc3 $19 47. Ne5+ Bxe5 $1 48. fxe5 {[%mdl 4096] Endgame KR-KR} Ra3 $2 (48... c2 $19 49. Kf2 Kd5) 49. Re1 $15 Kd5 50. e6 Ra8 51. e7 Re8 52. Kf2 Kd4 {And now ...c2 would win.} 53. Re6 c2 54. Rc6 Kxd3 55. Rd6+ Kc3 56. Rc6+ Kd3 57. Rd6+ Ke4 58. Rc6 $1 Rxe7 59. Rxc2 {aiming for Re2+.} Kd3 (59... Ke5 {with more complications.} 60. h4 h6 61. Rc5+ Kf6 62. Rc6+ Re6) 60. Ra2 {The position is equal.} Rc7 61. h4 Kd4 62. Re2 Kd5 63. Kf3 Kd6 64. Kf4 Rc4+ 65. Kf3 Kd7 66. Re3 Kd6 67. Re2 Ra4 68. Re3 Rd4 69. Re2 Rd1 70. Re3 h6 71. Ke2 Rd5 {Strongly threatening ...Re5.} 72. Kf3 Re5 {White must now prevent ...Rxe3+.} 73. Ra3 Re6 74. Ra5 h5 75. Rb5 Ke7 76. Rb7+ Kf6 77. Rb8 $1 Re4 78. Rb6+ Kg7 79. Rb7+ Kf6 80. Rb6+ Re6 81. Rb8 Rd6 82. Re8 Rd3+ 83. Kf4 Rd4+ 84. Kf3 Rg4 85. Ra8 Re4 86. Ra6+ Kf7 87. Ra7+ Re7 88. Ra6 Kg7 89. Kf4 Re4+ 90. Kf3 Rd4 91. Ra7+ Kf6 92. Ra6+ Kf7 93. Ra7+ Ke6 94. Ra6+ Rd6 95. Ra5 Kf6 96. Ra8 Ke5 97. Re8+ Re6 98. Ra8 Kf6 99. Rf8+ Kg7 100. Ra8 Kf7 101. Kf4 Re4+ 102. Kf3 Re8 103. Ra6 Re6 104. Ra8 Kf6 105. Rf8+ {Precision: White = 72%, Black = 46%.} 1/2-1/2

[Event "105th British-ch 2018"]
[Site "Hull"]
[Date "2018.07.29"]
[Round "2"]
[White "Murphy, Conor E"]
[Black "Young"]
[Result "1-0"]
[WhiteElo "2336"]
[BlackElo "1962"]
[Annotator "NA"]
[PlyCount "73"]
[EventDate "2018.07.28"]
[EventType "swiss"]
[EventCountry "GBR"]
[SourceTitle "playchess.com"]
[Source "ChessBase"]
[SourceQuality "1"]
[TimeControl "40/5400+30:1800+30"]

1. e4 {[%emt 0:01:37]} c5 {[%emt 0:01:04]} 2. Nf3 {[%emt 0:00:06]} Nc6 {[%emt 0:00:13]} 3. d4 {[%emt 0:00:33]} cxd4 {[%emt 0:00:13]} 4. Nxd4 {[%emt 0:00:04]} g6 {[%emt 0:00:21]} 5. c4 {[%emt 0:00:05]} Bg7 {[%emt 0:00:53]} 6. Be3 {[%emt 0:00:07]} Qb6 {[%emt 0:02:22]} 7. Nb5 {[%emt 0:17:17]} Qa5+ {[%emt 0:00:27]} 8. N5c3 {[%emt 0:00:51]} d6 {[%emt 0:05:19]} 9. Be2 {[%emt 0:08:14]} Qb4 {[%emt 0:04:42]} 10. Qd2 {[%emt 0:02:55]} Nf6 {[%emt 0:01:38]} 11. f3 {[%emt 0:13:56]} O-O {[%emt 0:02:27]} 12. O-O {[%emt 0:03:48]} Be6 {[%emt 0:04:11]} 13. a3 {[%emt 0:05:19]} Qa5 {[%emt 0:02:15]} 14. Ra2 {[%emt 0:05:38]} Rfc8 {[%emt 0:11:32]} 15. b4 {[%emt 0:03:02]} Qd8 {[%emt 0:00:42]} 16. Nd5 {[%emt 0:01:01]} Ne5 {[%emt 0:07:04]} 17. Rc2 {[%emt 0:02:50]} Nfd7 {[%emt 0:03:12]} 18. f4 {[%emt 0:07:28]} Ng4 {[%emt 0:07:38]} 19. Bxg4 {[%emt 0:07:54]} Bxg4 {[%emt 0:00:11]} 20. f5 {[%emt 0:00:36]} gxf5 {[%emt 0:09:54]} 21. exf5 {[%emt 0:01:08]} Ne5 {[%emt 0:02:22]} 22. c5 {[%emt 0:04:47]} Qd7 {[%emt 0:04:11]} 23. h3 {[%emt 0:01:13]} e6 {[%emt 0:05:34]} 24. hxg4 {[%emt 0:02:01]} exd5 {[%emt 0:00:19]} 25. Bh6 {[%emt 0:03:02]} Bxh6 {[%emt 0:04:34]} 26. Qxh6 {[%emt 0:00:04]} Qd8 {[%emt 0:00:13]} 27. f6 {[%emt 0:04:47]} Qf8 {[%emt 0:00:29]} 28. Qh5 {[%emt 0:00:12]} Kh8 {[%emt 0:02:14]} 29. Rc3 {[%emt 0:00:28]} Qg8 {[%emt 0:00:58]} 30. cxd6 {[%emt 0:00:26]} Nxg4 {[%emt 0:02:03]} 31. Rg3 {[%emt 0:01:25]} Rc4 {[%emt 0:00:37]} 32. Nd2 {[%emt 0:00:51]} Rd4 {[%emt 0:01:10]} 33. Nf3 {[%emt 0:00:48]} Rf4 {[%emt 0:00:59]} 34. Ne5 {[%emt 0:02:58]} Rxf1+ {[%emt 0:01:06]} 35. Kxf1 {[%emt 0:00:05]} Nh2+ {[%emt 0:02:50]} 36. Qxh2 {[%emt 0:00:20]} Qe8 {[%emt 0:00:09]} 37. Rh3 {[%emt 0:00:19]} 1-0